000 00490nam a22001697a 4500
005 20251108164729.0
008 250721s1975 xx 000 0 ara d
082 1 4 _a615/نذي
100 1 _aالعظمه، نذير
245 1 0 _aعلم تأثير الأدوية /
264 1 _aدمشق :
_bجامعة دمشق،
_c1975.
300 _a429ص : فهرس ، مصطلحات علمية
650 1 7 _aعلم الصيدلة
650 1 7 _aالأدوية
942 _2ddc
_cBK
999 _c12961
_d12961